Dos poemas de abril

Dettagli Bibliografici
Autore principale: Andrade y Cordero, César. 1904-1987
Natura: Libro
Lingua:Spanish
Soggetti:
Accesso online:http://dspace.ucuenca.edu.ec/handle/123456789/5284

MARC

LEADER 00000cam a2200000 a 4500
001 3756
003 Ucuenca
005 20231017080119.0
008 000000|1939 ||||||||r|||||||||||spa||
040 |b spa 
041 1 |a spa 
082 0 |a E861.4 
100 1 |a Andrade y Cordero, César.  |d 1904-1987  |9 7006 
245 |a Dos poemas de abril  |c César Andrade y Cordero  |h imp 
264 |a Cuenca  |b Colegio Nacional Benigno Malo  |c 1939 
300 |a 64 páginas:  |c 20 cm 
500 |a empastado con ingreso 3757 
650 1 7 |a Poesía ecuatoriana  |9 618 
852 |a UC-CDJBV  |f Donación  |l 1  |m Limitada  |p 00000000  |t 3756  |b 1  |d CDRC  |e CDRC  |g E861.4 ESTANTERIA CERRADA  |u http://dspace.ucuenca.edu.ec/handle/123456789/5284  |z 0000-00-00 
856 |u http://dspace.ucuenca.edu.ec/handle/123456789/5284 
942 |c BK 
999 |c 2455  |d 2455